000 00805nam a2200265 i 4500
001 C2-0335661
003 PPAK
005 20201201125616.0
008 160216s2007 my a jr | 0 1 may d
020 _a9789833746125
_qpaperback
040 _aPPAK
_beng
_cPPAK
_erda
082 0 4 _a899.2333
_223
090 0 0 _a899.2333
_bJAN
_dK
100 0 _aJantan Umbat,
_eauthor.
_d1945-
245 1 0 _aMERAK DAN BUBUT /
_cJantan Umbat
264 1 _aPetaling Jaya, Selangor :
_bAsia Galaxy Sdn. Bhd.,
_c2007
300 _a32 pages :
_bcolour illustrations ;
_c21 cm
336 _2rdacontent
_atext
337 _2rdamedia
_aunmediated
338 _2rdacarrier
_avolume
490 1 _aSIRI BACAAN KHAZANAH BANGSA
650 1 0 _aChildren's stories, Malay.
830 0 _aSiri bacaan khazanah bangsa
942 _cB
_2ddc
999 _c133790
_d133790